La aguja azul de la memoria

Guardat en:
Dades bibliogràfiques
Autor principal: Arce Arenales, Manuel
Format: Llibre
Idioma:Undetermined
Publicat: San José, Costa Rica Alambique 1993
Matèries:
Etiquetes: Afegir etiqueta
Sense etiquetes, Sigues el primer a etiquetar aquest registre!

MARC

LEADER 00000nam a2200000Ia 4500
008 170316s9999 xx 000 0 und d
040 |a cru BVZT 
090 |a 868 A-16a 
100 |a Arce Arenales, Manuel  |9 343 
245 |a La aguja azul de la memoria  |c / Manuel Arce Arenales 
260 |a San José, Costa Rica  |b Alambique  |c 1993 
300 |a 74 páginas 
650 |a LITERATURA COSTARRICENSE  |9 17 
650 |a NARRATIVA COSTARRICENSE  |9 344 
999 |c 10673  |d 10673 
942 |c 15 D  |h 868 A-16a  |2 z